[Event "RSA-ch"]
[Site "Cape Town"]
[Date "2024.04.02"]
[Round "11"]
[White "Cawdery, Daniel"]
[Black "Simpson, Michael"]
[Result "1-0"]
[WhiteElo "2380"]
[BlackElo "2093"]
[PlyCount "57"]
[EventDate "2024.03.25"]
[EventType "tourn"]
[EventRounds "11"]
[EventCountry "RSA"]
[SourceTitle "CB14_2024"]
[SourceDate "2024.04.01"]
[SourceVersion "1"]
[SourceVersionDate "2024.04.01"]
[SourceQuality "1"]

1. e4 c5 2. Nc3 d6 3. d4 cxd4 4. Qxd4 Nc6 5. Qd2 g6 6. b3 Bh6 7. f4 f5 8. Bb2 Nf6 9. 0-0-0 fxe4 10. Kb1 Rf8 11. g3 Bf5 12. h3 e5 13. Nb5 d5 14. Ba3 d4 15. g4 Bxf4 16. Qe1 Be6 17. Nd6+ Kd7 18. Nxb7 Qe8 19. Bb5 Kc7 20. Na5 Bd7 21. Nxc6 Bxc6 22. Qa5+ Kd7 23. Ne2 Be3 24. Rhf1 Bxb5 25. Qxb5+ Kc7 26. Qa5+ Kb7 27. Bxf8 Qc6 28. Qb4+ Ka6 29. Qd6 1-0

[Event "RSA-ch"]
[Site "Cape Town"]
[Date "2024.04.01"]
[Round "10"]
[White "Mfazwe, Lutho"]
[Black "Cawdery, Daniel"]
[Result "1-0"]
[WhiteElo "1956"]
[BlackElo "2380"]
[PlyCount "113"]
[EventDate "2024.03.25"]
[EventType "tourn"]
[EventRounds "11"]
[EventCountry "RSA"]
[SourceTitle "CB14_2024"]
[SourceDate "2024.04.01"]
[SourceVersion "1"]
[SourceVersionDate "2024.04.01"]
[SourceQuality "1"]

1. d4 Nf6 2. Nf3 c5 3. c3 cxd4 4. cxd4 g6 5. g3 Bg7 6. Bg2 0-0 7. 0-0 d5 8. Nc3 Ne4 9. Qb3 Nc6 10. Be3 Na5 11. Qc2 Bf5 12. Nxe4 Bxe4 13. Qd1 e6 14. b3 Nc6 15. Qd2 Qb6 16. Rfd1 a5 17. Rac1 a4 18. Ne5 Bxg2 19. Kxg2 Rfc8 20. Nd7 Qd8 21. Nc5 axb3 22. axb3 Na5 23. Rb1 b6 24. Nd3 Qd7 25. Ne5 Qb5 26. Bh6 Qe8 27. Bxg7 Kxg7 28. Ng4 Qe7 29. Qh6+ Kg8 30. Rd3 f5 31. Ne5 Nc6 32. Nf3 Nd8 33. Qd2 Nf7 34. h4 h6 35. Rc1 Kg7 36. Rdc3 Qd7 37. R1c2 Rxc3 38. Qxc3 Ra7 39. Qc6 Rb7 40. Qxd7 Rxd7 41. Rc6 Rd6 42. Rc7 Kf6 43. Rb7 g5 44. Rb8 Rc6 45. Rf8 Rc7 46. Rb8 Rc6 47. Rf8 Rc7 48. e3 g4 49. Ne5 Kg7 50. Rb8 Nxe5 51. dxe5 Rc6 52. h5 Kf7 53. Rb7+ Kf8 54. b4 Rc4 55. Rxb6 d4 56. exd4 Rxd4 57. Rxe6 1-0

[Event "RSA-ch"]
[Site "Cape Town"]
[Date "2024.03.31"]
[Round "9"]
[White "Cawdery, Daniel"]
[Black "Mhango, Banele"]
[Result "1-0"]
[WhiteElo "2380"]
[BlackElo "2193"]
[PlyCount "55"]
[EventDate "2024.03.25"]
[EventType "tourn"]
[EventRounds "11"]
[EventCountry "RSA"]
[SourceTitle "CB14_2024"]
[SourceDate "2024.04.01"]
[SourceVersion "1"]
[SourceVersionDate "2024.04.01"]
[SourceQuality "1"]

1. e4 c5 2. Nc3 e6 3. Nf3 Nc6 4. Bb5 Nge7 5. 0-0 a6 6. Bxc6 Nxc6 7. d4 cxd4 8. Nxd4 d6 9. Re1 Be7 10. Nxc6 bxc6 11. Qg4 Kf8 12. e5 d5 13. Qh5 Rb8 14. b3 Qe8 15. Na4 c5 16. Ba3 Rb5 17. c4 dxc4 18. Rac1 cxb3 19. axb3 f5 20. Qh3 Qc6 21. Nxc5 Bxc5 22. Rxc5 Rxc5 23. Rc1 Kf7 24. Rxc5 Qd7 25. Rc1 Bb7 26. Qh5+ g6 27. Qh4 Qd8 28. Qf6+ 1-0

[Event "RSA-ch"]
[Site "Cape Town"]
[Date "2024.03.29"]
[Round "5"]
[White "Cawdery, Daniel"]
[Black "Karsten, Jan"]
[Result "1/2-1/2"]
[WhiteElo "2380"]
[BlackElo "2323"]
[PlyCount "53"]
[EventDate "2024.03.25"]
[EventType "tourn"]
[EventRounds "11"]
[EventCountry "RSA"]
[SourceTitle "CB14_2024"]
[SourceDate "2024.04.01"]
[SourceVersion "1"]
[SourceVersionDate "2024.04.01"]
[SourceQuality "1"]

1. e4 c5 2. Nf3 d6 3. d4 cxd4 4. Nxd4 Nf6 5. Nc3 a6 6. h3 Nc6 7. Be3 e5 8. Nb3 Be6 9. Qf3 Rc8 10. 0-0-0 Nb4 11. Kb1 h6 12. a3 Rxc3 13. axb4 Rc8 14. Bd3 Qc7 15. Qe2 d5 16. Bc5 dxe4 17. Bxe4 Bxb3 18. cxb3 Bxc5 19. bxc5 0-0 20. Bf5 Rcd8 21. Qc4 e4 22. Bxe4 Nxe4 23. Qxe4 Qxc5 24. Qc2 Qb6 25. Rxd8 Rxd8 26. Re1 Qb5 27. g3 1/2-1/2

[Event "RSA-ch"]
[Site "Cape Town"]
[Date "2024.03.25"]
[Round "1"]
[White "Cawdery, Daniel"]
[Black "Kobese, Watu"]
[Result "1/2-1/2"]
[WhiteElo "2380"]
[BlackElo "2268"]
[PlyCount "60"]
[EventDate "2024.03.25"]
[EventType "tourn"]
[EventRounds "11"]
[EventCountry "RSA"]
[SourceTitle "CB14_2024"]
[SourceDate "2024.04.01"]
[SourceVersion "1"]
[SourceVersionDate "2024.04.01"]
[SourceQuality "1"]

1. e4 e5 2. Nf3 Nc6 3. Bc4 Nf6 4. d4 exd4 5. e5 d5 6. Bb5 Ne4 7. Nxd4 Bc5 8. Be3 0-0 9. Nxc6 bxc6 10. Bxc5 Nxc5 11. Bxc6 Rb8 12. Qxd5 Qe7 13. 0-0 Rxb2 14. Nc3 Rd8 15. Qf3 Ne6 16. Rfd1 Nd4 17. Qe4 Nxc6 18. Qxc6 Bb7 19. Qc4 Re8 20. Re1 Rb4 21. Qd3 Qc5 22. e6 fxe6 23. Ne4 Qc6 24. f3 Qb6+ 25. Kh1 Rd4 26. Qc3 Bxe4 27. Rab1 Qd6 28. Rxe4 Rxe4 29. fxe4 Rd8 30. h3 h6 1/2-1/2

[Event "Cape Town IM"]
[Site "Cape Town"]
[Date "2023.01.06"]
[Round "5"]
[White "Cawdery, Daniel"]
[Black "Kobese, Watu"]
[Result "1/2-1/2"]
[WhiteElo "2396"]
[BlackElo "2302"]
[PlyCount "55"]
[EventDate "2023.01.04"]
[EventType "tourn"]
[EventRounds "9"]
[EventCountry "RSA"]
[SourceTitle "CBM 212 Extra"]
[Source "ChessBase"]
[SourceDate "2023.03.31"]
[SourceVersion "1"]
[SourceVersionDate "2023.03.31"]
[SourceQuality "1"]

1. e4 c5 2. Nf3 d6 3. d4 cxd4 4. Qxd4 Nc6 5. Bb5 Bd7 6. Bxc6 Bxc6 7. Nc3 Nf6 8. Bg5 e6 9. 0-0-0 Be7 10. Rhe1 0-0 11. e5 dxe5 12. Qh4 Qc7 13. Nxe5 h6 14. Bxh6 Ne4 15. Qh5 Nxc3 16. Bxg7 Nxa2+ 17. Kb1 Nc3+ 18. bxc3 Qb6+ 19. Kc1 Ba3+ 20. Kd2 Qxf2+ 21. Re2 Qf4+ 22. Ke1 Kxg7 23. Rf2 Qe4+ 24. Kf1 f6 25. Rd3 Bb5 26. c4 Qxe5 27. Qxe5 fxe5 28. Rg3+ 1/2-1/2

[Event "Cape Town IM"]
[Site "Cape Town"]
[Date "2023.01.06"]
[Round "6"]
[White "Klaasen, Calvin Jong"]
[Black "Cawdery, Daniel"]
[Result "1/2-1/2"]
[WhiteElo "2200"]
[BlackElo "2396"]
[PlyCount "20"]
[EventDate "2023.01.04"]
[EventType "tourn"]
[EventRounds "9"]
[EventCountry "RSA"]
[SourceTitle "CBM 212 Extra"]
[Source "ChessBase"]
[SourceDate "2023.03.31"]
[SourceVersion "1"]
[SourceVersionDate "2023.03.31"]
[SourceQuality "1"]

1. c4 Nf6 2. Nc3 g6 3. e4 e5 4. Nf3 Bg7 5. g3 c6 6. Bg2 d5 7. cxd5 cxd5 8. exd5 Nxd5 9. 0-0 0-0 10. d4 exd4 1/2-1/2

[Event "WchT Pool-A 13th"]
[Site "Jerusalem"]
[Date "2022.11.20"]
[Round "1.3"]
[White "Wen, Yang"]
[Black "Cawdery, Daniel"]
[Result "1-0"]
[WhiteElo "2585"]
[BlackElo "2396"]
[PlyCount "73"]
[EventDate "2022.11.20"]
[EventType "team-tourn (rapid)"]
[EventRounds "5"]
[EventCountry "ISR"]
[SourceTitle "CBM 211 Extra"]
[Source "ChessBase"]
[SourceDate "2023.01.31"]
[SourceVersion "1"]
[SourceVersionDate "2023.01.31"]
[SourceQuality "1"]
[WhiteTeam "China"]
[BlackTeam "South Africa"]
[WhiteTeamCountry "CHN"]
[BlackTeamCountry "RSA"]

1. e4 c5 2. Nf3 Nc6 3. Bb5 g6 4. 0-0 Bg7 5. Re1 e5 6. Bxc6 dxc6 7. a3 Ne7 8. b4 cxb4 9. axb4 Bg4 10. d3 0-0 11. h3 Bxf3 12. Qxf3 Qd4 13. c3 Qd7 14. Na3 Rad8 15. Rd1 Qe6 16. Be3 Nc8 17. Qe2 Rd7 18. Qa2 Qxa2 19. Rxa2 Rfd8 20. Rad2 h6 21. Nc4 b6 22. Kf1 f5 23. f3 Kf7 24. g4 Ke6 25. Ke2 Ne7 26. h4 f4 27. Bf2 Nc8 28. Ra1 Bf6 29. g5 Be7 30. gxh6 Rh8 31. d4 exd4 32. cxd4 Bf6 33. Rg1 Rxh6 34. Rg4 Ne7 35. Nb2 Rh8 36. Nd3 Rhd8 37. e5 1-0

[Event "Olympiad-44"]
[Site "Chennai"]
[Date "2022.08.06"]
[Round "8.2"]
[White "Cawdery, Daniel"]
[Black "Blackburn, Jonathan LB"]
[Result "1-0"]
[WhiteElo "2417"]
[BlackElo "2176"]
[PlyCount "65"]
[EventDate "2022.07.29"]
[EventType "team-swiss"]
[EventRounds "11"]
[EventCountry "IND"]
[SourceTitle "CBM 210"]
[Source "ChessBase"]
[SourceDate "2022.10.31"]
[SourceVersion "1"]
[SourceVersionDate "2022.10.31"]
[SourceQuality "1"]
[WhiteTeam "South Africa"]
[BlackTeam "Wales"]
[WhiteTeamCountry "RSA"]
[BlackTeamCountry "WLS"]

1. e4 e6 2. d4 d5 3. e5 c5 4. c3 Bd7 5. Nf3 Nc6 6. Be2 f6 7. 0-0 fxe5 8. Nxe5 Nxe5 9. dxe5 Qc7 10. Nd2 Ne7 11. b4 cxb4 12. cxb4 Nc6 13. b5 Nd4 14. Bb2 Qxe5 15. Bh5+ g6 16. Nc4 Qxh5 17. Qxd4 Rg8 18. Ne5 Bd6 19. Rfe1 Rf8 20. f4 Qf5 21. g3 Bxb5 22. a4 b6 23. Ba3 Bxa3 24. Rxa3 Bc4 25. a5 Ke7 26. axb6 axb6 27. Rxa8 Rxa8 28. Qxb6 Ra2 29. Rb1 Kf8 30. Qd8+ Kg7 31. Rb7+ Kh6 32. Qh4+ Qh5 33. Ng4# 1-0

[Event "South African op"]
[Site "Cape Town"]
[Date "2022.07.16"]
[Round "10"]
[White "Mfazwe, Lutho"]
[Black "Cawdery, Daniel"]
[Result "1/2-1/2"]
[WhiteElo "1968"]
[BlackElo "2417"]
[PlyCount "171"]
[EventDate "2022.07.09"]
[EventType "swiss"]
[EventRounds "11"]
[EventCountry "RSA"]
[SourceTitle "CBM 209 Extra"]
[Source "ChessBase"]
[SourceDate "2022.09.30"]
[SourceVersion "1"]
[SourceVersionDate "2022.09.30"]
[SourceQuality "1"]

1. d4 Nf6 2. Nf3 g6 3. g3 Bg7 4. Bg2 0-0 5. 0-0 d5 6. c4 c6 7. Nc3 dxc4 8. e4 b5 9. Re1 Na6 10. Ne5 Bb7 11. a4 b4 12. Nb1 Ne8 13. Nxc4 Nd6 14. Nxd6 Qxd6 15. e5 Qd7 16. Be3 Rfd8 17. Qb3 c5 18. e6 fxe6 19. Bxb7 Qxb7 20. Qxe6+ Kh8 21. dxc5 Bxb2 22. Ra2 Bf6 23. c6 Qc8 24. Qc4 Nc7 25. Rd2 Qa6 26. Rxd8+ Rxd8 27. Qxb4 Qxc6 28. Rc1 Nd5 29. Qa5 Qd7 30. Rd1 e6 31. Na3 Rc8 32. Qb5 Qe7 33. Qa6 Rf8 34. Nc2 Nc3 35. Re1 Qd7 36. a5 Rf7 37. Qc4 Qd5 38. Qc8+ Kg7 39. a6 Qd3 40. Qxe6 Qxc2 41. Bh6+ Kxh6 42. Qxf7 Qd2 43. Rf1 Qd5 44. Qxd5 Nxd5 45. Rd1 Nc7 46. Rd7 Be5 47. f4 Bxf4 48. gxf4 Nxa6 49. f5 Nc5 50. Rc7 Ne4 51. Rc6 Kg7 52. fxg6 hxg6 53. Rc7+ Kh6 54. Rxa7 Nf6 55. Kg2 Nh5 56. Ra8 Kg5 57. Ra5+ Kg4 58. h3+ Kh4 59. Ra4+ Kg5 60. Kf3 Ng7 61. Rg4+ Kh5 62. Kf4 Ne6+ 63. Ke5 Ng5 64. Kf6 Nh7+ 65. Kg7 Ng5 66. Rg2 Nxh3 67. Rxg6 Nf4 68. Rg1 Nd5 69. Kf7 Ne3 70. Kf6 Ng4+ 71. Kf5 Nh6+ 72. Kf4 Nf7 73. Rg4 Nh6 74. Rg5+ Kh4 75. Rg7 Kh5 76. Rg5+ Kh4 77. Rg1 Kh5 78. Rg2 Nf7 79. Rg4 Nh6 80. Rg5+ Kh4 81. Ra5 Nf7 82. Rf5 Nh6 83. Rf8 Kh5 84. Ra8 Kg6 85. Ra5 Nf7 86. Rg5+ 1/2-1/2

[Event "South African op"]
[Site "Cape Town"]
[Date "2022.07.13"]
[Round "7"]
[White "Cawdery, Daniel"]
[Black "Klaasen, Calvin Jong"]
[Result "1-0"]
[WhiteElo "2417"]
[BlackElo "2212"]
[PlyCount "51"]
[EventDate "2022.07.09"]
[EventType "swiss"]
[EventRounds "11"]
[EventCountry "RSA"]
[SourceTitle "CBM 209 Extra"]
[Source "ChessBase"]
[SourceDate "2022.09.30"]
[SourceVersion "1"]
[SourceVersionDate "2022.09.30"]
[SourceQuality "1"]

1. e4 e5 2. Nf3 Nc6 3. Bb5 a6 4. Ba4 Nf6 5. 0-0 b5 6. Bb3 Bb7 7. d4 exd4 8. e5 Ne4 9. Bd5 Nc5 10. Nxd4 Nxd4 11. Bxb7 Nxb7 12. Qxd4 Be7 13. Qg4 g6 14. Bh6 d5 15. exd6 Nxd6 16. Qd4 Rg8 17. Qd5 Rb8 18. Bf4 g5 19. Bg3 Rg6 20. Nc3 Qd7 21. Rad1 Kf8 22. f4 g4 23. f5 Rh6 24. Ne4 Kg8 25. Bf4 Rh5 26. Ng3 1-0

[Event "South African op"]
[Site "Cape Town"]
[Date "2022.07.09"]
[Round "2"]
[White "Lewis, Mark MM"]
[Black "Cawdery, Daniel"]
[Result "0-1"]
[WhiteElo "1874"]
[BlackElo "2417"]
[PlyCount "58"]
[EventDate "2022.07.09"]
[EventType "swiss"]
[EventRounds "11"]
[EventCountry "RSA"]
[SourceTitle "CBM 209 Extra"]
[Source "ChessBase"]
[SourceDate "2022.09.30"]
[SourceVersion "1"]
[SourceVersionDate "2022.09.30"]
[SourceQuality "1"]

1. d4 Nf6 2. c4 c5 3. d5 b5 4. cxb5 a6 5. bxa6 g6 6. Nc3 Bxa6 7. e4 Bxf1 8. Kxf1 d6 9. g3 Bg7 10. Kg2 0-0 11. Nf3 Nbd7 12. h3 Qa5 13. Qe2 Rfb8 14. Rd1 Ne8 15. Qc2 Qb4 16. Rd2 Nc7 17. Re2 Nb5 18. Bd2 Nd4 19. Nxd4 cxd4 20. Nd1 Qb5 21. Re1 Nc5 22. f3 Nb3 23. Rb1 Rxa2 24. Bg5 h6 25. Bf4 g5 26. Bc1 d3 27. Qf2 d2 28. Bxd2 Qd3 29. Nc3 Nxd2 0-1

[Event "Online Olym Div2 D"]
[Site "Chess.com INT"]
[Date "2021.09.03"]
[Round "4.2"]
[White "Cawdery, Daniel"]
[Black "Peralta, Fernando"]
[Result "1/2-1/2"]
[WhiteElo "2419"]
[BlackElo "2570"]
[PlyCount "65"]
[EventDate "2021.09.02"]
[EventType "team (rapid)"]
[EventRounds "9"]
[EventCountry "USA"]
[SourceTitle "CBM 204 Extra"]
[Source "ChessBase"]
[SourceDate "2021.11.30"]
[SourceVersion "1"]
[SourceVersionDate "2021.11.30"]
[SourceQuality "1"]
[WhiteTeam "South Africa"]
[BlackTeam "Argentina"]
[WhiteTeamCountry "RSA"]
[BlackTeamCountry "ARG"]

1. e4 c6 2. c4 d5 3. cxd5 cxd5 4. exd5 Nf6 5. Qa4+ Nbd7 6. Nc3 g6 7. Nf3 Bg7 8. Bc4 0-0 9. d3 a6 10. Qa3 b6 11. 0-0 Bb7 12. Re1 b5 13. Bb3 Re8 14. Be3 Nb6 15. Bxb6 Qxb6 16. Qb4 Qd6 17. Qxd6 exd6 18. a3 Kf8 19. Kf1 h6 20. d4 Rab8 21. Rac1 a5 22. Rxe8+ Nxe8 23. Nxb5 Bxd5 24. Bxd5 Rxb5 25. Bc6 Rxb2 26. Ba4 Nf6 27. Rc6 Ke7 28. Ra6 Ng4 29. Ra7+ Kf8 30. Ra8+ Ke7 31. Ra7+ Kf8 32. Ra8+ Ke7 33. Ra7+ 1/2-1/2

[Event "Online Olym Div2 D"]
[Site "Chess.com INT"]
[Date "2021.09.02"]
[Round "2.3"]
[White "Cawdery, Daniel"]
[Black "Martinez Reyes, Pedro Ramon"]
[Result "1/2-1/2"]
[WhiteElo "2419"]
[BlackElo "2404"]
[PlyCount "51"]
[EventDate "2021.09.02"]
[EventType "team (rapid)"]
[EventRounds "9"]
[EventCountry "USA"]
[SourceTitle "CBM 204 Extra"]
[Source "ChessBase"]
[SourceDate "2021.11.30"]
[SourceVersion "1"]
[SourceVersionDate "2021.11.30"]
[SourceQuality "1"]
[WhiteTeam "South Africa"]
[BlackTeam "Venezuela"]
[WhiteTeamCountry "RSA"]
[BlackTeamCountry "VEN"]

1. e4 e6 2. d4 d5 3. Nd2 c5 4. exd5 Qxd5 5. Ngf3 cxd4 6. Bc4 Qd6 7. 0-0 Nf6 8. Nb3 Be7 9. Nbxd4 0-0 10. Nb5 Qc5 11. Qe2 Nc6 12. Be3 Qh5 13. Nfd4 Qxe2 14. Nxe2 a6 15. Nbd4 Bd7 16. Rfd1 Rac8 17. Bb3 Na5 18. c3 Nc4 19. Bxc4 Rxc4 20. Nf3 Rcc8 21. Ne5 Bc6 22. Nxc6 Rxc6 23. Nd4 Rcc8 24. Nf3 Nd5 25. Bd4 f6 26. Rd2 1/2-1/2

[Event "Online Olym Div2 D"]
[Site "Chess.com INT"]
[Date "2021.09.02"]
[Round "3.4"]
[White "Diaz Rosas, Julio Cesar"]
[Black "Cawdery, Daniel"]
[Result "0-1"]
[WhiteElo "2393"]
[BlackElo "2419"]
[PlyCount "150"]
[EventDate "2021.09.02"]
[EventType "team (rapid)"]
[EventRounds "9"]
[EventCountry "USA"]
[SourceTitle "CBM 204 Extra"]
[Source "ChessBase"]
[SourceDate "2021.11.30"]
[SourceVersion "1"]
[SourceVersionDate "2021.11.30"]
[SourceQuality "1"]
[WhiteTeam "Mexico"]
[BlackTeam "South Africa"]
[WhiteTeamCountry "MEX"]
[BlackTeamCountry "RSA"]

1. e4 c5 2. Nf3 Nc6 3. d4 cxd4 4. Nxd4 e5 5. Nb5 a6 6. Nd6+ Bxd6 7. Qxd6 Qe7 8. Qd1 Nf6 9. Nc3 d6 10. Be2 0-0 11. 0-0 Nd4 12. Bg5 Be6 13. Bd3 h6 14. Be3 Nc6 15. Re1 Rfd8 16. Qe2 Nb4 17. Bb6 Rd7 18. Rad1 Rc8 19. Ba5 Nxd3 20. cxd3 d5 21. exd5 Bg4 22. f3 Qc5+ 23. Kh1 Qxa5 24. fxg4 Re8 25. Qf3 Nxd5 26. Ne4 Nf4 27. g5 Rxd3 28. Qg4 Rxd1 29. Rxd1 h5 30. Qd7 Qb5 31. Qxb5 axb5 32. g3 Ne6 33. Rd5 Nd4 34. Nc5 Nf3 35. Kg2 Nxg5 36. Nxb7 b4 37. Nc5 f6 38. h4 Nf7 39. Nd3 e4 40. Nxb4 e3 41. Nd3 g5 42. hxg5 fxg5 43. Kf1 Kg7 44. Ke2 Kg6 45. Rd4 Nh6 46. Rd6+ Kg7 47. Rd5 Kg6 48. Ne5+ Kf6 49. Nf3 Nf5 50. Ke1 g4 51. Nh4 Nxg3 52. Rc5 Rd8 53. Rc3 Kg5 54. Ng2 Nf5 55. Rc5 Re8 56. a4 Rb8 57. a5 Kf6 58. a6 Rxb2 59. Ra5 Rb8 60. a7 Ra8 61. Ke2 h4 62. Ra6+ Kg5 63. Ra5 Kf6 64. Ra6+ Ke5 65. Ra5+ Ke4 66. Nxe3 Nd4+ 67. Kf2 g3+ 68. Kg2 Kxe3 69. Kh3 Kf2 70. Ra6 g2 71. Rf6+ Nf3 72. Rf7 g1Q 73. Rxf3+ Kxf3 74. Kxh4 Rxa7 75. Kh5 Rh7# 0-1

[Event "Port Elizabeth Pearson"]
[Site "Port Elizabeth"]
[Date "2020.03.16"]
[Round "9"]
[White "Kayonde, Andrew"]
[Black "Cawdery, Daniel"]
[Result "1/2-1/2"]
[WhiteElo "2366"]
[BlackElo "2418"]
[PlyCount "58"]
[EventDate "2020.03.11"]
[EventType "tourn"]
[EventRounds "10"]
[EventCountry "RSA"]
[EventCategory "4"]
[SourceTitle "CBM 195 Extra"]
[Source "ChessBase"]
[SourceDate "2020.05.31"]
[SourceVersion "1"]
[SourceVersionDate "2020.05.31"]
[SourceQuality "1"]

1. d4 Nf6 2. c4 g6 3. Nc3 d5 4. Bf4 Bg7 5. e3 c5 6. dxc5 Qa5 7. Rc1 dxc4 8. Bxc4 0-0 9. Nge2 Qxc5 10. Qb3 Nc6 11. Nb5 Qh5 12. Ng3 Qg4 13. Nc7 e5 14. Bg5 Qxg5 15. h4 Qg4 16. Nxa8 Na5 17. Qb5 Nxc4 18. Rxc4 Bd7 19. Qb4 e4 20. Nc7 Bc6 21. Qd6 h5 22. b3 Rc8 23. a4 a6 24. Qe7 Bd5 25. Nxd5 Nxd5 26. Rxc8+ Qxc8 27. Qxe4 Qc1+ 28. Ke2 Qb2+ 29. Kf1 Qc1+ 1/2-1/2

[Event "Port Elizabeth Pearson"]
[Site "Port Elizabeth"]
[Date "2020.03.12"]
[Round "2"]
[White "Munenga, Douglas D"]
[Black "Cawdery, Daniel"]
[Result "1-0"]
[WhiteElo "2357"]
[BlackElo "2418"]
[PlyCount "77"]
[EventDate "2020.03.11"]
[EventType "tourn"]
[EventRounds "10"]
[EventCountry "RSA"]
[EventCategory "4"]
[SourceTitle "CBM 195 Extra"]
[Source "ChessBase"]
[SourceDate "2020.05.31"]
[SourceVersion "1"]
[SourceVersionDate "2020.05.31"]
[SourceQuality "1"]

1. e4 c5 2. Nf3 Nc6 3. d4 cxd4 4. Nxd4 Nf6 5. Nc3 e5 6. Ndb5 d6 7. Bg5 a6 8. Na3 b5 9. Nd5 Be7 10. Bxf6 Bxf6 11. c3 Rb8 12. Nc2 Bg5 13. Be2 0-0 14. 0-0 a5 15. b4 axb4 16. Ncxb4 Bd7 17. Bg4 Na5 18. Bxd7 Qxd7 19. Qh5 h6 20. h4 Bd8 21. Ne3 Qe6 22. Rad1 Nc4 23. Nbd5 Nxe3 24. Nxe3 Ra8 25. Rd3 Qg6 26. Qf3 Re8 27. Nf5 Re6 28. Qe2 Qh7 29. Rfd1 Bc7 30. Rg3 g6 31. Qxb5 Kh8 32. Qb7 Rae8 33. Ne3 Bb8 34. Rf3 f5 35. Qxh7+ Kxh7 36. exf5 gxf5 37. Rxf5 R8e7 38. Nd5 Rb7 39. h5 1-0

[Event "Port Elizabeth Pearson"]
[Site "Port Elizabeth"]
[Date "2020.03.11"]
[Round "1"]
[White "Van Zyl Rudd, Jack"]
[Black "Cawdery, Daniel"]
[Result "1/2-1/2"]
[WhiteElo "2277"]
[BlackElo "2418"]
[PlyCount "95"]
[EventDate "2020.03.11"]
[EventType "tourn"]
[EventRounds "10"]
[EventCountry "RSA"]
[EventCategory "4"]
[SourceTitle "CBM 195 Extra"]
[Source "ChessBase"]
[SourceDate "2020.05.31"]
[SourceVersion "1"]
[SourceVersionDate "2020.05.31"]
[SourceQuality "1"]

1. d4 Nf6 2. c4 c5 3. d5 b5 4. cxb5 a6 5. e3 e6 6. Nc3 exd5 7. Nxd5 Bb7 8. Nxf6+ Qxf6 9. Nf3 Be7 10. Be2 axb5 11. Bxb5 0-0 12. 0-0 d5 13. Bd2 Qxb2 14. Bd3 Ba6 15. Bxa6 Rxa6 16. a4 Bf6 17. Rb1 Qa2 18. a5 Nc6 19. Rb5 c4 20. Qb1 Qxb1 21. Rfxb1 c3 22. Be1 Nxa5 23. Nd4 Bxd4 24. exd4 Nc4 25. Rxd5 c2 26. Rc1 Re8 27. g3 f6 28. Rc5 Nb2 29. R5xc2 Nd3 30. Rc8 Rae6 31. Bd2 Nxc1 32. Rxc1 Kf7 33. h4 Rd6 34. Be3 Rd7 35. Kg2 Ra8 36. Kf3 h6 37. Rc6 Re8 38. Ra6 Re6 39. Ra5 Red6 40. Rb5 Rd5 41. Rb6 Kg6 42. Ke4 R5d6 43. Rb5 Re6+ 44. Kf3 f5 45. Rb8 Kf6 46. Rf8+ Rf7 47. Rg8 Re4 48. Rc8 1/2-1/2

[Event "RSA-chT Regions"]
[Site "Boksburg"]
[Date "2020.01.10"]
[Round "3.1"]
[White "Nhamuave, Eleazar"]
[Black "Cawdery, Daniel"]
[Result "0-1"]
[WhiteElo "1733"]
[BlackElo "2426"]
[PlyCount "94"]
[EventDate "2020.01.09"]
[EventType "team-swiss"]
[EventRounds "7"]
[EventCountry "RSA"]
[SourceTitle "CBM 194 Extra"]
[Source "ChessBase"]
[SourceDate "2020.03.31"]
[SourceVersion "1"]
[SourceVersionDate "2020.03.31"]
[SourceQuality "1"]
[WhiteTeam "GTP Open IV"]
[BlackTeam "Sedibeng"]
[WhiteTeamCountry "RSA"]
[BlackTeamCountry "RSA"]

1. e4 c5 2. Nf3 d6 3. d4 cxd4 4. Nxd4 Nf6 5. Nc3 g6 6. Be2 Bg7 7. 0-0 0-0 8. Be3 Nc6 9. h3 d5 10. exd5 Nxd5 11. Nxd5 Qxd5 12. Nxc6 Qxc6 13. c3 Be6 14. Bf3 Qc7 15. Qa4 a5 16. Rfd1 Rab8 17. Ba7 Rbc8 18. Qb5 Bc4 19. Qd7 a4 20. Bxb7 Be6 21. Qb5 Rb8 22. Bxb8 Rxb8 23. Qxa4 Qxb7 24. Qa5 Qxb2 25. Rab1 Qxb1 26. Rxb1 Rxb1+ 27. Kh2 Bf6 28. a4 Rc1 29. Qa8+ Kg7 30. a5 Be5+ 31. g3 Rd1 32. Qf3 Ra1 33. Qa8 Bxc3 34. a6 Ra2 35. g4 Rxf2+ 36. Kh1 Ra2 37. Qb7 Bd4 38. Qe4 Rd2 39. Qc6 Kh6 40. g5+ Kxg5 41. Qb5+ Kf6 42. Qc6 Kg7 43. a7 Bxa7 44. Qc3+ Rd4 45. Qa1 Bc5 46. Qc3 Bc4 47. Kg2 e5 0-1

[Event "Teplice op 14th"]
[Site "Teplice"]
[Date "2019.06.22"]
[Round "8"]
[White "Simek, Petr1111"]
[Black "Cawdery, Daniel"]
[Result "0-1"]
[WhiteElo "2300"]
[BlackElo "2428"]
[PlyCount "82"]
[EventDate "2019.06.15"]
[EventType "swiss"]
[EventRounds "9"]
[EventCountry "CZE"]
[SourceTitle "CBM 191 Extra"]
[Source "ChessBase"]
[SourceDate "2019.09.30"]
[SourceVersion "1"]
[SourceVersionDate "2019.09.30"]
[SourceQuality "1"]

1. d4 Nf6 2. c4 g6 3. g3 Bg7 4. Bg2 d5 5. cxd5 Nxd5 6. Nf3 Nb6 7. Nc3 Nc6 8. e3 e5 9. d5 Ne7 10. e4 c6 11. d6 Ng8 12. b3 f6 13. 0-0 Nh6 14. Ba3 Nf7 15. Qc2 Be6 16. Rad1 Qd7 17. Nh4 0-0 18. f4 Bg4 19. Rd3 Rfd8 20. Nd1 Bxd1 21. Rfxd1 Nc8 22. Qc4 b5 23. Qc2 Bf8 24. Rc1 Bxd6 25. Bxd6 Ncxd6 26. Rc3 Rac8 27. h3 Qe7 28. Nf3 b4 29. Rc5 exf4 30. Nd4 Nxe4 31. Rxc6 Nc3 32. Qf2 fxg3 33. Qxg3 Rxc6 34. Nxc6 Qc5+ 35. Kh2 Rc8 36. a3 a5 37. axb4 axb4 38. Qf4 Kg7 39. Rf1 Rxc6 40. Bxc6 Qxc6 41. Qxb4 Ne4 0-1

[Event "Teplice op 14th"]
[Site "Teplice"]
[Date "2019.06.21"]
[Round "7"]
[White "Cawdery, Daniel"]
[Black "Gungl, Theo"]
[Result "1/2-1/2"]
[WhiteElo "2428"]
[BlackElo "2313"]
[PlyCount "60"]
[EventDate "2019.06.15"]
[EventType "swiss"]
[EventRounds "9"]
[EventCountry "CZE"]
[SourceTitle "CBM 191 Extra"]
[Source "ChessBase"]
[SourceDate "2019.09.30"]
[SourceVersion "1"]
[SourceVersionDate "2019.09.30"]
[SourceQuality "1"]

1. e4 c5 2. Nf3 d6 3. d4 cxd4 4. Nxd4 Nf6 5. Nc3 a6 6. Bg5 Nbd7 7. Qe2 h6 8. Bh4 g6 9. f4 e5 10. fxe5 dxe5 11. 0-0-0 Qc7 12. Nb3 b5 13. Nd5 Nxd5 14. exd5 Bd6 15. Qd2 Kf8 16. g4 Kg7 17. Kb1 Nb6 18. Bd3 Re8 19. Bf6+ Kxf6 20. Qxh6 Ke7 21. Rhf1 Kd8 22. Qg7 Ra7 23. Na5 Nxd5 24. Rxf7 Bd7 25. Qxg6 Nf4 26. Qh6 e4 27. Bf1 Ne6 28. Qd2 Be7 29. Bg2 Nc5 30. g5 Kc8 1/2-1/2